'80s Baby Names by '80s-Themed Clues Quiz Stats

 Plays Quiz Updated Feb 6, 2018

Challenge
Share
Tweet
Embed
Score 0/50 Timer 05:00
3 Plays Today
Tubular Clue Gnarly Name % Correct
JordanMichael
98%
HasselhoffDavid
95.4%
TimberlakeJustin
94.5%
BroderickMatthew
93%
Day-LewisDaniel
92.7%
CusackJohn
92.2%
SpielbergSteven
91%
Cruise*Thomas
90.8%
PfeifferMichelle
88%
LocklearHeather
84.3%
BatemanJason
81.9%
Goldblum*Jeffrey
81.3%
ApplegateChristina
80.6%
LloydChristopher
80.3%
TandyJessica
80.1%
Montana*Joseph
79.8%
IronsJeremy
79.2%
Jason LeighJennifer
78.9%
KlineKevin
77.9%
SpaderJames
77.2%
Dice ClayAndrew
77.1%
OlsenAshley
76.6%
Cattrall*Kimberly
76.3%
Tree (The)Joshua
76.3%
Michael HallAnthony
71%
Tubular Clue Gnarly Name % Correct
Curry*Timothy
68.4%
PhillippeRyan
68.4%
AntAdam
64.3%
GilbertMelissa
63.9%
StoltzEric
60.4%
HurtWilliam
59.3%
De PalmaBrian
58.1%
GuillameRobert
54.5%
PerkinsElizabeth
51.1%
ZimbalistStephanie
45%
Dean AndersonRichard
44.1%
PolleySarah
43%
EggertNicole
41.6%
LeeBrandon
40.3%
GrantAmy
37.7%
FrakesJonathan
36.7%
HuttonLauren
35.8%
WardRachel
26.1%
Matlock*Benjamin
26%
FollowsMegan
17.6%
LyndhurstNicholas
16.1%
KingAmanda
14.3%
ReeseKyle
14.3%
LynnAmber
11.5%
CohenTiffany
5.3%

You're not logged in!

Compare scores with friends on all Sporcle quizzes.
Join for Free
OR
Log In

You Might Also Like...

Show Comments

Extras

Top Quizzes Today


Score Distribution

Your Account Isn't Verified!

In order to create a playlist on Sporcle, you need to verify the email address you used during registration. Go to your Sporcle Settings to finish the process.

Report this User

Report this user for behavior that violates our Community Guidelines.

Details: